Las etapas del pensamiento sociológico : (Record no. 47818)

MARC details
000 -LEADER
campo de control de longitud fija 01269cam a2200349Mi 4500
001 - NÚMERO DE CONTROL
campo de control 49968
005 - FECHA Y HORA DE LA ÚLTIMA TRANSACCIÓN
campo de control 20230410115758.0
008 - DATOS DE LONGITUD FIJA--INFORMACIÓN GENERAL
campo de control de longitud fija 041019s2004 sp 000 0 spa d
035 ## - NÚMERO DE CONTROL DEL SISTEMA
Número de control de sistema (OCoLC)ocm57059935
040 ## - FUENTE DE CATALOGACIÓN
Centro catalogador/agencia de origen PL#
Lengua de catalogación spa
Centro/agencia transcriptor PL#
Centro/agencia modificador BAKER
-- BTCTA
020 ## - NÚMERO INTERNACIONAL ESTÁNDAR DEL LIBRO
Número Internacional Estándar del Libro 8430941967
020 ## - NÚMERO INTERNACIONAL ESTÁNDAR DEL LIBRO
Número Internacional Estándar del Libro 9788430941964
029 0# - OTRO NÚMERO DE CONTROL DE SISTEMA (OCLC)
Identificador de la biblioteca OCLC PL#
Número de control de sistema 8430941967
035 ## - NÚMERO DE CONTROL DEL SISTEMA
Número de control de sistema (OCoLC)57059935
050 14 - SIGNATURA TOPOGRÁFICA DE LA BIBLIOTECA DEL CONGRESO
Número de clasificación HM 19
Número de ítem A769e 2004
082 00 - NÚMERO DE LA CLASIFICACIÓN DECIMAL DEWEY
Número de clasificación 301.09
100 1# - ENTRADA PRINCIPAL--NOMBRE DE PERSONA
Nombre de persona Aron, Raymond,
Fechas asociadas al nombre 1905-1983.
245 14 - MENCIÓN DEL TÍTULO
Título Las etapas del pensamiento sociológico :
Resto del título Montesquieu, Comte, Marx, Tocqueville, Durkheim, Pareto, Weber /
Mención de responsabilidad, etc. Raymond Aron ; traducción de Carmen García Trevijano.
260 ## - PUBLICACIÓN, DISTRIBUCIÓN, ETC.
Lugar de publicación, distribución, etc. Madrid :
Nombre del editor, distribuidor, etc. Tecnos,
Fecha de publicación, distribución, etc. c2004.
300 ## - DESCRIPCIÓN FÍSICA
Extensión 549 p. ;
Dimensiones 24 cm.
440 #0 - MENCIÓN DE SERIE/PUNTO DE ACCESO ADICIONAL--TÍTULO
Título Ensayos / Tecnos
500 ## - NOTA GENERAL
Nota general Traducido de: Les Étapes de la pensée sociologique. Montesquieu. Comte. Marx. Tocqueville. Durkheim. Pareto. Weber.
650 #0 - PUNTO DE ACCESO ADICIONAL DE MATERIA--TÉRMINO DE MATERIA
Término de materia o nombre geográfico como elemento de entrada Sociology
Subdivisión general History.
650 #4 - PUNTO DE ACCESO ADICIONAL DE MATERIA--TÉRMINO DE MATERIA
Término de materia o nombre geográfico como elemento de entrada Sociología
Subdivisión general Historia.
700 1# - ENTRADA AGREGADA--NOMBRE PERSONAL
Nombre de persona García Trevijano, Carmen,
Término indicativo de función/relación tr.
938 ## -
-- Puvill Libros
-- PUVL
-- 8430941967
-- $63.18
938 ## -
-- Baker & Taylor
-- BKTY
-- 88.95
-- 88.95
-- 8430941967
-- 0006565935
-- active
938 ## -
-- Baker and Taylor
-- BTCP
-- BK0006565935
942 ## - ELEMENTOS DE ENTRADA SECUNDARIOS (KOHA)
Fuente del sistema de clasificación o colocación Clasificación de Library of Congress
Tipo de ítem Koha
994 ## -
-- C0
-- DRFGD
946 ## - PROCESAMIENTO DE INFORMACIÓN LOCAL (OCLC)
a Lspaulino
Holdings
Estatus retirado Estado de pérdida Fuente del sistema de clasificación o colocación Estado de daño No para préstamo Colección Biblioteca de origen Biblioteca actual Ubicación en estantería Fecha de adquisición Serial enumeration / chronology Signatura topográfica completa Código de barras Visto por última vez Copia número Tipo de ítem Koha
    Clasificación de Library of Congress     Ciencias Sociales Biblioteca Juan Bosch Biblioteca Juan Bosch Ciencias Sociales (3er. Piso) 10/04/2023 1 HM 19 A769e 2004 00000050677 24/10/2018 1